000 01719cam a22004934i 4500
003 PE-LiUPU
005 20250731173529.0
008 150616s r 000 0 d
020 _a0801083044
035 _a(Sirsi) i9780801083044
040 _aPE-LiUPU
_bspa
_cPE-LiUPU
_erda
049 _aPRUA
082 0 4 _a225.6
_bS79
_221
100 1 _aStein, Robert H.,
_eautor.
245 1 0 _aDifficult Passages in the New Testament /
_cRobert H. Stein.
264 1 _aMichigan :
_bBaker Books House,
_c1991.
300 _a392 páginas ;
_c22 centímetros
336 _atext
_2rdacontent
337 _aunmediated
_2rdamedia
338 _avolume
_2rdacarrier
504 _aIncluye bibliografía.
505 0 _aDifficult passages in the gospels.- Difficult sayings in the gospels.- Difficult passages in the epistles.
526 _aSEG42
526 _aSEG41
526 _aSEG40
526 _aSEG39
526 _aP94
526 _aP87
526 _aP86
526 _aP85
526 _aP77
526 _aP76
526 _aP35
600 1 _aJesucristo
_xEnseñanzas
_9933
630 _aBiblia.
_pN.T.
_pEpístolas
_xCrítica, interpretación, etc.
630 _aBiblia.
_pN.T.
_pEvangelios
_xCrítica, interpretación, etc.
910 _ajck
_bjvq
_cjck
942 _2ddc
_cBOOK
949 _a225.6 S79
_wDEWEY
_c1
_i42223
_lCCODEBUL1
_mBUL
_r0
_sY
_tBOOK
_u2015-6-16
_xTEOLOGIA
_zUNKNOWN
_0COMPRA
_o.STAFF. Colección General
994 _aC0
_bPEPRU
596 _a1
999 _a225.6 S79
_wDEWEY
_c60053
_i42223
_d60053
_f2021-11-9
_g6
_lCCODEBUL1
_mBUL
_q2
_r0
_sY
_tBOOK
_u2015-6-16
_xTEOLOGIA
_zUNKNOWN
_0COMPRA
_o.STAFF. Colección General
980 _81
_gALBERTO SANCHEZ Responsable de Automatización